| 000 | 00641cab a2200193 4500 | ||
|---|---|---|---|
| 001 | WB3037-41 | ||
| 008 | 090401t1994 xxu||||| |||| 00| 0 eng d | ||
| 035 | _a(Sirsi) u61967 | ||
| 041 | _aeng | ||
| 245 | _aMore firms buying out of deals | ||
| 260 | _c1994 | ||
| 350 | _a0 | ||
| 490 |
_aBirmingham Post _v6 October 1994, 25(1) |
||
| 520 | _aThere has been a sharp rise in the number of firms buying themselves out of long-term high-cost leases on properties they do not need according to Lambert Smith Hampton. | ||
| 650 | _aLONG TERM LEASES | ||
| 690 | _aLANDLORD AND TENANT-BUSINESS TENANCIES | ||
| 942 | _n0 | ||
| 948 | _c04/03/1997 | ||
| 999 |
_c38453 _d38453 |
||